Welcome to CU Library Online Public Access Catalogue (OPAC)

The detection and treatment of early breast cancer / (Record no. 3481)

MARC details
000 -LEADER
fixed length control field 00550nam a2200181 a 4500
001 - CONTROL NUMBER
control field 2472204
005 - DATE AND TIME OF LATEST TRANSACTION
control field 20250206080838.0
008 - FIXED-LENGTH DATA ELEMENTS--GENERAL INFORMATION
fixed length control field 900503s1990 enka b 001 0 eng
020 ## - INTERNATIONAL STANDARD BOOK NUMBER
International Standard Book Number 9780397583171
050 00 - LIBRARY OF CONGRESS CALL NUMBER
Classification number RC280.B8
Item number F46 1990
082 00 - DEWEY DECIMAL CLASSIFICATION NUMBER
Classification number 616.99/449
Edition information 20
100 1# - MAIN ENTRY--PERSONAL NAME
Personal name Fentiman, Ian S.
245 14 - TITLE STATEMENT
Title The detection and treatment of early breast cancer /
Statement of responsibility, etc. Ian S. Fentiman.
260 ## - PUBLICATION, DISTRIBUTION, ETC.
Place of publication, distribution, etc. London :
Name of publisher, distributor, etc. M. Dunitz ;
Place of publication, distribution, etc. Philadelphia :
Name of publisher, distributor, etc. J.B. Lippincott,
Date of publication, distribution, etc. 1990.
300 ## - PHYSICAL DESCRIPTION
Extent 272 p. :
Other physical details ill. ;
Dimensions 26 cm.
650 #0 - SUBJECT ADDED ENTRY--TOPICAL TERM
Topical term or geographic name entry element Breast
General subdivision Cancer.
942 ## - ADDED ENTRY ELEMENTS (KOHA)
Source of classification or shelving scheme Library of Congress Classification
Koha item type Books
Suppress in OPAC No
999 ## -
-- 3481
-- 3481
Holdings
Withdrawn status Lost status Source of classification or shelving scheme Damaged status Not for loan Collection Home library Current library Shelving location Date acquired Total checkouts Full call number Barcode Date last seen Copy number Price effective from Koha item type
    Library of Congress Classification     Non-fiction Science Library (Miotso) Science Library (Miotso) General stacks 02/06/2025   RC280 .B8F46 FEN SLM00002911 02/06/2025 1 02/06/2025 Books
    Library of Congress Classification     Non-fiction Science Library (Miotso) Science Library (Miotso) General stacks 02/06/2025   RC280 .B8F46 FEN SLM00002912 02/06/2025 2 02/06/2025 Books
    Library of Congress Classification     Non-fiction Science Library (Miotso) Science Library (Miotso) General stacks 02/06/2025   RC280 .B8F46 FEN SLM00002913 02/06/2025 3 02/06/2025 Books
    Library of Congress Classification     Non-fiction Science Library (Miotso) Science Library (Miotso) General stacks 02/06/2025   RC280 .B8F46 FEN SLM00002914 02/06/2025 4 02/06/2025 Books
© 2023-2024 Copyright: Central University Libraries. All Rights Reserved | Created by: Mahone Tech Office